Setting up and running a school garden : A manual for teachers, parents and communicaties

Na minha lista:
Detalhes bibliográficos
Autor Corporativo: FAO
Formato: Livro
Idioma:Undetermined
Publicado em: Rome FAO 2005
Assuntos:
Tags: Adicionar Tag
Sem tags, seja o primeiro a adicionar uma tag!
Thư viện lưu trữ: Trung tâm Học liệu Trường Đại học Cần Thơ
LEADER 00525nam a2200193Ia 4500
001 CTU_104937
008 210402s9999 xx 000 0 und d
082 |a 371.384 
082 |b F686 
110 |a FAO 
245 0 |a Setting up and running a school garden : 
245 2 |b A manual for teachers, parents and communicaties 
245 0 |c FAO 
260 |a Rome 
260 |b FAO 
260 |c 2005 
650 |a Outdoor education,Sschool gardens 
904 |i Minh 
980 |a Trung tâm Học liệu Trường Đại học Cần Thơ